LEADER 00470nab a2200145 i 4500 001 000000267640 003 CaOOAMICUS 005 20180831164756.0 008 180831n xx uu u0 0und r 013 $a12294 040 $aSeMil$bita 245 10$a[vedi periodico]. 500 $aOctobre 1934. 773 0 $aMaréchal, Hyacinthe-Louis $tVie mystérieuse de Notre-Dame.$dJuvisy : Les Éditions du Cerf, 1934.$w()166391 996 $6245$a[vedi periodico]$9(OLS)http://semarc/title/309439 LEADER 01088nam a2200229 i 4500 001 000000179845 003 CaOOAMICUS 005 20090604000000.0 008 090604s2005 it u000 u fre u 013 $a157451 040 $aSeMil$bita 100 1 $aSemplicio, Bruno.$0(OLS)http://semarc/name/27944 245 13$aDe Marion Brésillac, 1813-1859 :$bévêque et fondateur de la société des missions africaines /$cBruno Semplicio. 260 $aRoma :$bSociété des Missions Africaines,$cstampa 2005. 300 $a546 p. ;$c24 cm. 650 4$aMelchiorre : de Marion Brésillac.$0(OLS)http://semarc/subject/34176 700 1 $aMarion Brésillac, Melchior Marie Joseph : de.$0(OLS)http://semarc/name/66638 850 $aSeMil 852 $aSeMil$W1$xVenegono$y1$m3E V 27$j130601$B130601$CSeMilBibl$Z2$F142494 $81 961 $aOmaggio: Altro 996 $6245$aDe Marion Brésillac, 1813-1859 :$bévêque et fondateur de la société des missions africaines$9(OLS)http://semarc/title/258217 996 $6260$aRoma :$bSociété des Missions Africaines$9(OLS)http://semarc/publisher/49548